00824nam a22002051 4500001000800000005001700008008004100025010001700066040002200083041001700105080001000122082001400132100000700146101000800153245027000161906004500431942001200476999001700488952011300505452717720180314050218.0830921s1934 enk d 000 0 eng  a 35008902  aDLC/ICUcICUdDLC0 aengfregerdut a630.300a630.3 BEZ1 a24 aFJA10aDictionary of terms relating to agriculture, horticulture, forestry, cattle breeding, dairy industry and apiculture in English, French, German and Dutch;ccompiled by T.J. Bezemer with the collaboration of Prof. Dr. H.A.J.M. Beekman; Mr. Jan Boeke ... [and others]. a7bcbccorignewdueocipf19gy-gencatlg 2ddccBK c44966d44966 00102udc40708PËKGa002b002cPËKGd2018-03-14l0o630.3 BEZp002-3002189r2018-03-14w2018-03-14yBK